Stranger Things Quiz - Statistics

General Stats
  • This quiz has been taken 82 times
  • The average score is 27 of 60
Answer Stats
Answer % Correct
How many seasons? 5
96%
Girl found lost in the woods 011/Eleven/Jane
93%
Hawkins Police chief Jim Hopper
91%
Who goes missing in the first episode? Will Byers
86%
"Papa" Dr. Martin Brenner
81%
Mother of the two above Joyce Byers
79%
Brother of the above. Jonathan Byers
77%
Whose basement do the boys play D&D in? Mike Wheeler
75%
Older sister of the above. Nancy Wheeler
75%
Younger sister of the above Holly Wheeler
74%
Father of these three Ted Wheeler
72%
Mother of these three Karen Wheeler
68%
Ex husband of the above Lonnie Byers
63%
Seasons 4&5 main villain Vecna/001/Henry Creel
58%
Who is known for their hair? Steve "The Hair" Harrington
56%
Who broke Dustins record on Dig Dug? Max Mayfield
54%
What is the name of the mall is season 3 Starcourt
54%
Nancy's friend who goes missing Barbara
53%
Older step-brother of the above Billy Hargrove
53%
Dustins slimey pet Dart/D'Artagnan
53%
Final one of the original 4 boys Lucas Sinclair
53%
Dustins girlfriend Suzie
53%
Jonathan's friend from Cali Argyle
51%
Who joined the friend group in third grade? Dustin Henderson
51%
Hellfire club leader Eddie Munson
51%
How many children did Vecna take? 12
49%
Who created the first portal? Eleven
49%
Who works with the above? Robin Buckley
49%
Where does the portal lead? The upside down
49%
How many boxes? 4
47%
Weird bald guy who speaks Russian Murray Bauman
47%
Its not "Dipsh*t" its "Delightful" Derek
46%
Who is the first child Vecna Takes? Holly Wheeler
44%
Joyce's boyfriend for season 2 Bob Newby
42%
In season 1 what does Eleven steal from the store? Eggo Waffles
42%
Who killed Vecna Joyce Byers
42%
Science teacher Scott Clarke
42%
Who syphoned powers from Vecna to save his friends in season 5? Will Byers
42%
Who did Vecna portray to gain the kids trust? Mr. Whatsit
39%
Vecna's father Victor Creel
39%
Who did she force through the portal? Henry
35%
Where does he work RadioShack
35%
What does Eleven tell Mike at the Starcourt mall? I dump your ass
33%
What's the name of the pizza place Argyle works at? Surfer Boy Pizza
33%
Russian Pilot Yuri
32%
Vecna's sister Alice
28%
Old lady with the "Rabid" Rat Doris Driscoll
28%
Guidance couciler Ms. Kelly
26%
Who does it acutally belong to? Nancy
21%
What did all of Vecna's victims see before he attacked them? Grandfather clock
19%
Vecna's mother Virginia Creel
18%
Who did Eleven go find in season 2? Her mom
16%
Who did El's mom show her in the "void"? Kali/008
11%
Whats the name of the byers dog? Chester
9%
What is Steve's weapon of choice? Spiked bat
9%
Who is the main villian of season 1? Demogorgons
7%
What did Dustin, Steve, Robin, and Erica discover under the mall? Secret russian base
7%
What are Dart's two favorite snacks? Mews
2%
What are Dart's two favorite snacks? Nugut
2%
Why did he take them? Merge the two worlds
0%
No matching quizzes found
Score Distribution
Percent of People with Each Score
Percentile by Number Answered
Your Score History
You have not taken this quiz